Vista normal
Vista MARC
Entrada Corporate Name
Número de registros utilizados en: 1
001 - CONTROL NUMBER
- control field: 43649
003 - CONTROL NUMBER IDENTIFIER
- control field: OSt
005 - DATE AND TIME OF LATEST TRANSACTION
- control field: 20241112084739.0
008 - FIXED-LENGTH DATA ELEMENTS
- fixed length control field: 241112|| aca||aabn | a|a d
040 ## - CATALOGING SOURCE
- Original cataloging agency: OSt
- Transcribing agency: OSt
110 ## - HEADING--CORPORATE NAME
- Corporate name or jurisdiction name as entry element: Instituto Geográfico "Agustín Codazzi".
- Subordinate unit: Subdirección de Geografía
670 ## - SOURCE DATA FOUND
- Source citation: Work cat.: (OSt)38530: Instituto Geográfico "Agustín Codazzi". Subdirección de Geografía., Meta :